Interaction, evolution and chaos in space

Αποθηκεύτηκε σε:
Λεπτομέρειες βιβλιογραφικής εγγραφής
Κύριος συγγραφέας: Nijkamp, Peter
Άλλοι συγγραφείς: Reggiani, Aura
Μορφή: Βιβλίο
Γλώσσα:English
Δημοσίευση: Berlin : Springer-Verlag, 1992
Θέματα:
Ετικέτες: Προσθήκη ετικέτας
Δεν υπάρχουν, Καταχωρήστε ετικέτα πρώτοι!

MARC

LEADER 00000nam a2200000 i 4500
001 1/98899
008 950321s1992 eng d
020 |a 3-540-55458-0 
035 |l 10011101 
040 |a GR-MY-UA  |b gre  |e aacr 
041 0 |a eng 
082 0 |a 330.015118 
100 1 |a Nijkamp, Peter. 
245 1 0 |a Interaction, evolution and chaos in space /  |c Peter Nijkamp; Aura Reggiani 
260 |a Berlin :   |b Springer-Verlag,   |c 1992 
300 |a 278 p.  |b fig. 
504 |a Includes bibliographical references and index 
650 0 0 |a Spatial analysis (Statistics) 
650 0 0 |a Chaotic behavior in systems. 
650 0 0 |a Econometrics. 
700 1 |a Reggiani, Aura. 
852 |a INST  |b LESVOS  |e 19950321  |h 330.015118 NIJ  |p 005100002203  |q 005100002203  |t BK  |y 0 
909 |a Λ  |b 037933